Kalimāt

محفوظ في:

المؤلف الرئيسي: Jubrān Khalīl Jubrān.

التنسيق: كتاب

اللغة: Undetermined

منشور في: Cairo : Dār al-JEIL, 1998.

الوسوم: إضافة وسم

لا توجد وسوم, كن أول من يضع وسما على هذه التسجيلة!

رقم الطلب: PJ7826 .I2 A6

LEADER 00352nam a2200133Ia 4500
008 240329s9999||||xx |||||||||||||| ||und||
020 |a 977538317 
050 4 |a PJ7826 .I2 A6 
100 1 |a Jubrān Khalīl Jubrān. 
245 1 0 |a Kalimāt  |c Jubrān Khalīl Jubrān 
264 1 |a Cairo :  |b Dār al-JEIL,  |c 1998. 
300 |a 140  |c 19 CM 
942 |2 lcc  |c BK 
999 |c 57681  |d 57681